The Relationship Between the Short-Term and Long-Term Phillips Curve for the Czech Republic
Vysvetlenie pojmu Phillipsova krivka. Využitie údajov o miere nezamestnanosti a miere inflácie za obdobie rokov 1993 až 2018 k analýze Phillipsovej krivky pre Českú republiku. Analýza krátkodobej Phillipsovej krivky a dlhodobej Phillipsovej krivky pre Českú republiku.
Salvato in:
| Autore principale: | |
|---|---|
| Altri autori: | , |
| Natura: | Capitolo di libro |
| Lingua: | inglese |
| Soggetti: | |
| Tags: |
Nessun Tag, puoi essere il primo ad aggiungerne!!
|
MARC
| LEADER | 00000naa a2200000 4500 | ||
|---|---|---|---|
| 001 | 0286751 | ||
| 005 | 20220713092347.1 | ||
| 041 | 0 | |a eng | |
| 044 | |a UA | ||
| 245 | 1 | 0 | |a The Relationship Between the Short-Term and Long-Term Phillips Curve for the Czech Republic |c Lu Wang, Marek Vochozka, Pavel Rousek |
| 520 | |a Vysvetlenie pojmu Phillipsova krivka. Využitie údajov o miere nezamestnanosti a miere inflácie za obdobie rokov 1993 až 2018 k analýze Phillipsovej krivky pre Českú republiku. Analýza krátkodobej Phillipsovej krivky a dlhodobej Phillipsovej krivky pre Českú republiku. | ||
| 610 | 2 | 0 | |a miera inflácie |
| 610 | 2 | 0 | |a inflácia |
| 610 | 2 | 0 | |a miera nezamestnanosti |
| 610 | 2 | 0 | |a nezamestnanosť |
| 610 | 2 | 0 | |a Phillipsova krivka |
| 610 | 2 | 0 | |a rast hospodársky |
| 610 | 2 | 0 | |a Česko |
| 100 | 1 | |a Wang, Lu | |
| 700 | 1 | |a Vochozka, Marek | |
| 700 | 1 | |a Rousek, Pavel | |